Responses for show #7525 - Friday, May 5, 2017

Contestants

Seth Madej, a writer from Los Angeles, California

Rich Steeves, a manager of commercial support content from Norwalk, Connecticut

Ragavan Ramsubramani, a financial analyst from New York, New York (whose 2-day cash winnings total $41,602)

Jeopardy! Round responses

A MARBLE-OUS CATEGORY
RECIPE ORIGINS
LITERATURE
SECRETARIES OF STATE
CREATURES IN MOVIE TITLES
2 OUT OF 3 AIN'T "BAD"
(Alex: Each response will be 3 words. One of those words will be "bad." The other two ain't.)
    $200 20
the Pietà

Ragavan
    $200 28
the Caesar salad

Seth
    $200 14
Of Mice and Men

Ragavan
    $200 25
John Kerry

Ragavan
    $200 1
Spider-Man

Rich
    $200 9
a bad apple (or one bad apple)

Ragavan
    $400 21
the Taj Mahal

Ragavan
    $400 29
(Seth: What are chocolate chip cookies?)
(Alex: Be more specific.)
(Seth: What are [*]?)
...
[The end-of-round signal sounds.]

Toll House cookies

Seth
    $400 15
(Jean) Valjean

Ragavan
    $400 26
Madeleine Albright

Triple Stumper
    $400 2
Black Swan

Seth
    $400 10
Bad Hair Day

Seth
    $600 22
the U.S. Civil War

Rich
    $600 17
oysters Rockefeller

Seth
    $600 6
Crime and Punishment

Seth
    $600 16
Kissinger

Seth
    $1,000 4
(Alex: Ragavan?)
(Ragavan: What is The Beekeeper?)

The Horse Whisperer

Ragavan
    $600 13
"Bad Moon Rising"

Rich
    $800 23
(Alex: With less than a minute to go now.)

the Dome of the Rock

Ragavan
    $800 19
Green Goddess

Triple Stumper
    $800 8
(Holden) Caulfield

Rich
    $800 5
The Green Hornet

Seth
    $800 12
a bad conduct discharge

Seth
    $1000 24
the Forbidden City

Rich
    $1000 18
bananas Foster

Rich
    $1000 7
A Confederacy of Dunces

Triple Stumper
    $1000 27
(Daniel) Webster

Rich
    $1000 3
Silence of the Lambs

Ragavan
    $1000 11
Peck's Bad Boy

Triple Stumper

Scores at the first commercial break (after clue 15):

Ragavan Rich Seth
$800 $1,600 $3,000

Scores at the end of the Jeopardy! Round:

Ragavan Rich Seth
$2,400 $5,200 $4,800

Double Jeopardy! Round responses

STREAM
OF CONSCIOUSNESS
MARCO
POLO
FASHION
MODEL
    $400 29
the Jordan River

Ragavan
    $400 11
(Rich: Impregnate.)
(Alex: No.)
(Rich: What is impregnate?)

conceive

RagavanRich
    $400 4
(Marco) Rubio

Rich
    $400 5
300

Seth
    $400 30
Victoria Beckham

Rich
    $400 19
(James) Whistler

Seth
    $3,000 28
(Seth: What is the Amazon?)

the Orinoco

Seth
    $800 12
imagine

Seth
    $800 1
Venice

Ragavan
    $800 6
mallet

Rich
    $800 27
(Rich: Who is Gunn?)

Michael Kors

Rich
Triple Stumper
    $800 26
Picasso

Seth
    $1200 16
the Tagus River

Triple Stumper
    $1200 15
(Alex: When you [*], you make an ass of "U" and me.)

assume

Triple Stumper
    $1200 2
Gordon Ramsay

Ragavan
    $1200 7
divots

Rich
    $1200 25
pink

Seth
    $2,000 22
Lautrec

Seth
    $1600 17
Dnieper

Ragavan
    $1600 14
judge

Ragavan
    $1600 3
Mulberry Street

Rich
    $1600 8
Prince Charles

Rich
    $1600 24
Coco Chanel

Ragavan
    $1600 20
Blue Boy

Seth
    $2000 18
the Congo

Rich
    $2000 13
sentient

Ragavan
    $2000 10
The Million

Triple Stumper
    $2000 9
a handicap

Seth
    $2000 23
(Ragavan: Who is Ralph Lauren?)

(Tommy) Hilfiger

RagavanSeth
    $2000 21
Portrait of Dr. Paul Gachet

Triple Stumper

Scores at the end of the Double Jeopardy! Round:

Ragavan Rich Seth
$10,000 $12,000 $13,000

[wagering suggestions for these scores]

Final Jeopardy! Round responses

MONARCHS
(Alex: A lot of turmoil in the country, but not for the king, who was very loved.)
...
(Alex: [To Ragavan] King Bhumibol died.)
RagavanWhat is Thailand?
$3,001
RichWhat is Denmark?
$12,000
SethWhat is Jordan?
$11,001
Thailand

Final scores:

Ragavan Rich Seth
$13,001 $0 $1,999
3-day champion: $54,603 3rd place: $1,000 2nd place: $2,000

Game dynamics:

Coryat scores:

Ragavan Rich Seth
$11,000 $12,000 $15,200
16 R,
2 W
(including 1 DD)
14 R,
2 W
18 R
(including 1 DD),
1 W
(including 1 DD)

Combined Coryat: $38,200

The J! Archive is created by fans, for fans. The Jeopardy! game show and all elements thereof, including but not limited to copyright and trademark thereto, are the property of Jeopardy Productions, Inc. and are protected under law. This website is not affiliated with, sponsored by, or operated by Jeopardy Productions, Inc. Join the discussion at JBoard.tv.